000 00818nam a2200193 u 4500
001 000510159
003 AM-YeHGA
005 20250618072719.0
008 061122|1883 gs r 000 0 arm d
040 _aAM-YeHGA
041 0 _aarm
100 1 _aԱռաքելյան, Համբարձում Աստվածատուրի,
_d1855-1918
_9873
245 1 0 _aԱզգայնութիւն եւ նորա պրինցիպներ :
_bՀայուածք հայութեան իբրեւ կուլտուրական ազգի վրայ /
_cՀ.Ա. Առաքելեանց.
260 _aԹիֆլիս :
_bտպ. Մովս. Վարդանեանցի եւ ընկ.,
_c1883.
300 _a54 էջ ;
_c18 սմ.
650 1 4 _aՆերքին քաղաքականություն
_94909
650 1 4 _aԱզգային հարաբերություններ
_91507
090 _c190990
999 _c189522
_d189522